| 000 | 004400000a22001090004500 | ||
|---|---|---|---|
| 100 | 1 | _aGarrison, David | |
| 245 | 1 | 0 | _aChurch planting movements up close : a Latin American people group |
| 300 | _aVol.22, núm.3 (June, 2000), Páginas 34-35 | ||
| 520 | _aThe evidence of their power is stunningly revealed in these case studies from the exciting new booker new booklet by the southern baptists. | ||
| 773 | 0 | _tMission Frontiers | |
| 942 | _cANA | ||
| 999 |
_c60366 _d60366 |
||